UM Logo

Probation, parole, and community corrections/ (Record no. 7765)

MARC details
000 -LEADER
fixed length control field 00633nam a2200181 4500
008 - FIXED-LENGTH DATA ELEMENTS--GENERAL INFORMATION
fixed length control field 171116b xxu||||| |||| 00| 0 eng d
020 ## - INTERNATIONAL STANDARD BOOK NUMBER
International Standard Book Number 0-02-320592-x
082 ## - DEWEY DECIMAL CLASSIFICATION NUMBER
Edition number 1996
Classification number DC 364
Item number C35d
100 ## - MAIN ENTRY--PERSONAL NAME
9 (RLIN) 23414
Personal name Champion, Dean J., author.
245 ## - TITLE STATEMENT
Title Probation, parole, and community corrections/
Statement of responsibility, etc. Dean J. Champion.
250 ## - EDITION STATEMENT
Edition statement Second Edition.
260 ## - PUBLICATION, DISTRIBUTION, ETC. (IMPRINT)
Place of publication, distribution, etc. New Jersey:
Name of publisher, distributor, etc. Prentice Hall,
Date of publication, distribution, etc. ©1996.
300 ## - PHYSICAL DESCRIPTION
Extent xv, 688 pages:
Other physical details Illustrations;
Dimensions 23 cm.
500 ## - GENERAL NOTE
General note Includes bibliographical references, glossary, and index.
650 #0 - SUBJECT ADDED ENTRY--TOPICAL TERM
9 (RLIN) 23417
Topical term or geographic name as entry element Probation
Geographic subdivision United States
650 #0 - SUBJECT ADDED ENTRY--TOPICAL TERM
9 (RLIN) 23418
Topical term or geographic name as entry element Parole
Geographic subdivision United States
942 ## - ADDED ENTRY ELEMENTS (KOHA)
Source of classification or shelving scheme Dewey Decimal Classification
Koha item type Circulation
Holdings
Withdrawn status Lost status Source of classification or shelving scheme Damaged status Not for loan Collection code Home library Current library Date acquired Source of acquisition Total Checkouts Full call number Barcode Date last seen Copy number Price effective from Koha item type
    Dewey Decimal Classification     Circulation UM Digos College - LIC UM Digos College - LIC 02/02/2000 Purchased   DC 364 C35d 1996 19718 06/08/2021 1 11/16/2017 Circulation